000 00618nam a22002417a 4500
003 UA-OsUOA
001 42178
007 ta
008 20061027b un ||||| |||| 00| 0 ukr d
100 _aДрабчук І.
090 _a94(477).02
_bД72
942 _cBK
040 _aUA-OsUOA
_bukr
_cUA-OsUOA
_dUA-OsUOA
245 _aПристань віків
_bСтатті про Галич
300 _a109 с.
955 _a2
041 _aukr
080 _a94(477).02
020 _a966-8090-39Х
260 _c2003
650 7 _a9 Географія. Біографії. Історія
_2UDC
999 _c328323
_d328323